02274naa a2200217 a 450000100080000000500110000800800410001910000180006024501030007826000090018152015640019065300150175465300230176965300220179265300260181470000210184070000210186170000160188270000210189877301370191911244242015-09-16 2015 bl uuuu u00u1 u #d1 aVARGAS, K. C. aAdapta????o clim??tica de sele????es de macieira desenvolvidas pela Epagri.h[electronic resource] c2015 aQuando a brota????o natural das plantas de macieira (Malus domestica Borkh.), n??o ocorre por insufici??ncia em frio, se faz necess??rio a indu????o qu??mica da quebra de dorm??ncia. Nesse sentido, buscou-se avaliar as sele????es de macieira desenvolvidas pela Epagri em rela????o ?? capacidade de brota????o em resposta ?? indu????o qu??mica da quebra de dorm??ncia. O experimento foi conduzido na Esta????o Experimental da Epagri/ Ca??ador-SC, durante a safra 2014/2015. O delineamento experimental foi o inteiramente casualizados, com 8 repeti????es, constitu??das por 5 plantas, com espa??amento de 3,7 m entre filas e 1,0 m entre plantas. Foram avaliadas as sele????es de macieira, M-15/07, M-58/07 M-65/07, M-29/07, M-10/09, e as cultivares Galaxy, Monalisa e Daiane, enxertadas sobre o porta-enxerto M-9. Na quebra de dorm??ncia artificial foi utilizada a aplica????o de cianamida hidrogenada 0,7 % e ??leo mineral 3,5 %. Foram mensuradas a porcentagem de gemas brotadas (PGB), porcentagem de gemas n??o brotadas (PGNB), porcentagem de gemas brotadas reprodutivas (PGR) e porcentagem de gemas brotadas vegetativas (PGV). Os dados foram submetidos ?? an??lise de vari??ncia e an??lise de m??dias pelo teste de Scott-Knott, a 5% de probabilidade de erro. Mediante o tratamento para quebra de dorm??ncia das gemas, todas as sele????es testadas responderam melhor que o controle ?Galaxy?. Considerando o total de gemas vegetativas e reprodutivas conjuntamente, a sele????o M-10/09 evidenciou desempenho superior quanto a indu????o artificial da brota????o. adorm??ncia agemas reprodutivas agemas vegetativas aMalus domestica Borkh1 aKVITSCHAL, M. V.1 aHAWERROTH, M. C.1 aDENARDI, F.1 aYOSHIKAWA, E. R. tIn: ENCONTRO NACIONAL SOBRE FRUTICULTURA DE CLIMA TEMPERADO, 14., 2015, Fraiburgo, SC. Resumos... Ca??ador, SC: Epagri, 2015. p. 153